| 000 | 00591nam a22001817a 4500 | ||
|---|---|---|---|
| 003 | CEME | ||
| 005 | 20210628205725.0 | ||
| 008 | 210316b xxu||||| |||| 00| 0 eng d | ||
| 020 | _a0-7923-9688-X | ||
| 040 | _c. | ||
| 082 | _a004.1 OBJ | ||
| 100 |
_aLevia, Oz Rouillard, Jacques Berge, Jean-Michel _976829 |
||
| 245 | _aObject oriented modeling current issues in electronic modeling | ||
| 260 |
_aBOSTON _bKLUWER ACADEMIC _c1996 |
||
| 300 | _a150P | ||
| 650 |
_aOBJECT ORIENTED TECHNIQUES OBJECT ORIENTED METHODOLOGY OBJECT ORIENTED MODELING-EMBEDDED SYSTEMS _976830 |
||
| 942 |
_cBK _2ddc |
||
| 999 |
_c582149 _d582149 |
||